[Event "LEM Nachwuchs M-V u14m 08.-11.07.2021"]
[Site "MaJuWi Greifswald/Wieck"]
[Date "2021.07.09"]
[Round "3.9"]
[White "Asmussen, Johann"]
[Black "Rohde, Niklas"]
[Result "1-0"]
[WhiteElo "1195"]
[BlackElo "800"]
[PlyCount "55"]
[EventDate "2021.??.??"]
[WhiteTeam "SG Jasmund"]
[BlackTeam "Lok Gymnas Pritzwalk"]

1. e4 e5 2. f4 exf4 3. Nf3 Nf6 4. Nc3 Bc5 5. d4 Bb4 6. Bxf4 Bxc3+ 7. bxc3 d6 8.
Be2 Nxe4 9. Qd3 Bf5 10. Qb5+ Qd7 11. Qxd7+ Nxd7 12. c4 O-O 13. O-O Rfe8 14. Bd3
g6 15. Rae1 Nc3 16. Bd2 Bxd3 17. cxd3 Na4 18. Ng5 Rxe1 19. Rxe1 Rb8 20. Re7 Rd8
21. Nxf7 Kf8 22. Bg5 Re8 23. Rxd7 Nc3 24. Rxc7 Nd1 25. h3 Re2 26. Nxd6 Rxa2 27.
Bh6+ Kg8 28. Rc8# 1-0

[Event "LEM Nachwuchs M-V u14m 08.-11.07.2021"]
[Site "MaJuWi Greifswald/Wieck"]
[Date "2021.07.10"]
[Round "4.1"]
[White "Janssen, Joris Frederik"]
[Black "Lippitz, Jaden"]
[Result "0-1"]
[WhiteElo "1440"]
[BlackElo "1563"]
[PlyCount "50"]
[EventDate "2021.??.??"]
[WhiteTeam "TuS Makkabi Rostock"]
[BlackTeam "SG Güstrow/Teterow"]

1. d4 c5 2. d5 e5 3. e4 d6 4. Bd3 Be7 5. Bd2 Bg5 6. Nf3 Bxd2+ 7. Nbxd2 Bd7 8.
c4 Na6 9. a3 Nf6 10. O-O g5 11. Re1 g4 12. Nh4 Nh5 13. g3 Nf4 14. gxf4 Qxh4 15.
fxe5 Rg8 16. Re3 dxe5 17. Rg3 h5 18. Qe2 Qg5 19. Qe3 Qf4 20. Re1 O-O-O 21. f3
gxf3 22. Rxg8 Rxg8+ 23. Kh1 f2 24. Qxf4 fxe1=Q+ 25. Bf1 exf4 0-1

[Event "LEM Nachwuchs M-V u14m 08.-11.07.2021"]
[Site "MaJuWi Greifswald/Wieck"]
[Date "2021.07.10"]
[Round "4.2"]
[White "Müller, Mitja"]
[Black "Maeno, Yosuke"]
[Result "1-0"]
[WhiteElo "1341"]
[BlackElo "1387"]
[PlyCount "137"]
[EventDate "2021.??.??"]
[WhiteTeam "TuS Makkabi Rostock"]
[BlackTeam "SF Schwerin"]

1. d4 e6 2. c4 Nf6 3. Nc3 Bb4 4. Qc2 O-O 5. a3 Bxc3+ 6. Qxc3 d5 7. Nf3 Nbd7 8.
Bf4 c5 9. e3 Ne4 10. Qc2 Qa5+ 11. Nd2 Nxd2 12. Qxd2 Qxd2+ 13. Kxd2 cxd4 14.
exd4 dxc4 15. Bxc4 Nb6 16. Ba2 Rd8 17. Ke3 Nd5+ 18. Bxd5 Rxd5 19. Rhd1 b6 20.
Rac1 h6 21. Rd2 g5 22. Be5 Rd7 23. Rdc2 Bb7 24. g3 Kh7 25. Rc7 Rad8 26. Bf6
Rxc7 27. Rxc7 Rb8 28. Be5 Kg6 29. Re7 Rc8 30. Rxb7 Rc2 31. Rxa7 Rxb2 32. Kf3 f6
33. Bd6 Kf5 34. g4+ Kg6 35. Bf8 Rb3+ 36. Kg2 f5 37. Rg7+ Kf6 38. gxf5 Kxf5 39.
Rd7 b5 40. d5 Ke5 41. d6 Rxa3 42. Rb7 Rd3 43. Rxb5+ Kf6 44. Be7+ Kf7 45. Rb8 e5
46. Rd8 Ke6 47. f3 Rd1 48. Kf2 Rd2+ 49. Kg3 Rd4 50. Bf8 h5 51. Bh6 g4 52. f4
exf4+ 53. Bxf4 h4+ 54. Kxg4 Kf7 55. Kf5 Rd5+ 56. Ke4 Rd1 57. Bg5 h3 58. d7 Re1+
59. Kd5 Rd1+ 60. Kc6 Rd3 61. Re8 Rc3+ 62. Kb7 Rb3+ 63. Kc8 Rc3+ 64. Kd8 Rc4 65.
Re7+ Kf8 66. Bh6+ Kg8 67. Ke8 Rf4 68. d8=Q Rf6 69. Kd7+ 1-0

[Event "LEM Nachwuchs M-V u14m 08.-11.07.2021"]
[Site "MaJuWi Greifswald/Wieck"]
[Date "2021.07.10"]
[Round "4.3"]
[White "Wiechhusen, Laurin-Elias"]
[Black "Schott, Andy"]
[Result "0-1"]
[WhiteElo "1443"]
[BlackElo "1537"]
[PlyCount "74"]
[EventDate "2021.??.??"]
[WhiteTeam "SF Schwerin"]
[BlackTeam "SG Güstrow/Teterow"]

1. Nf3 d5 2. g3 c5 3. Bg2 Nf6 4. c4 d4 5. e3 Nc6 6. exd4 Nxd4 7. Nxd4 cxd4 8.
Qa4+ Bd7 9. Qb3 Rb8 10. d3 Bc6 11. Bxc6+ bxc6 12. Qa4 Qb6 13. Bf4 Rb7 14. Nd2
e6 15. O-O Be7 16. Nb3 O-O 17. Rac1 Nd7 18. Rfe1 Rc8 19. Na5 Nc5 20. Qa3 Qxb2
21. Qxb2 Rxb2 22. Ra1 Nxd3 23. Rf1 Nxf4 24. gxf4 c5 25. Rfd1 Bh4 26. f3 Bf2+
27. Kf1 Be3 28. h3 Rcb8 29. Nb3 Rf2+ 30. Ke1 g6 31. Nxc5 Rc8 32. Ne4 Rxf3 33.
Nd2 Bxd2+ 34. Rxd2 Rxc4 35. Rad1 Rxf4 36. Rd3 Rc3 37. Rxd4 Re3+ 0-1

[Event "LEM Nachwuchs M-V u14m 08.-11.07.2021"]
[Site "MaJuWi Greifswald/Wieck"]
[Date "2021.07.10"]
[Round "4.4"]
[White "Schulz, Bruno Andreas"]
[Black "Lange, Oskar"]
[Result "1-0"]
[WhiteElo "1171"]
[BlackElo "1214"]
[PlyCount "91"]
[EventDate "2021.??.??"]
[WhiteTeam "TuS Makkabi Rostock"]
[BlackTeam "TSG Neustrelitz"]

1. d4 d5 2. c4 dxc4 3. e3 Nc6 4. Bxc4 e5 5. d5 Bb4+ 6. Nc3 Nce7 7. Qa4+ c6 8.
Qxb4 cxd5 9. Nxd5 Nxd5 10. Qb5+ Bd7 11. Qxd5 Be6 12. Qxe5 Nf6 13. Bxe6 fxe6 14.
Qxe6+ Qe7 15. Qxe7+ Kxe7 16. Nf3 Rac8 17. O-O Ne4 18. Nd2 Nxd2 19. Bxd2 Rc2 20.
Bc3 Rf8 21. Bb4+ Ke8 22. Bxf8 Kxf8 23. b3 g5 24. h3 h5 25. Rfc1 Rd2 26. Rd1 Rc2
27. a4 Ke7 28. Rac1 Rb2 29. Rc7+ Ke6 30. Rxb7 Ke5 31. Rd4 Rc2 32. Rxa7 Kf5 33.
Ra5+ Ke6 34. Rxg5 h4 35. a5 Kf6 36. Rgd5 Rc3 37. b4 Rc1+ 38. Kh2 Rc2 39. a6
Rxf2 40. Rf4+ Rxf4 41. exf4 Ke6 42. Rd1 Kf5 43. a7 Kxf4 44. a8=Q Ke3 45. Qe8+
Kf2 46. Qe1# 1-0

[Event "LEM Nachwuchs M-V u14m 08.-11.07.2021"]
[Site "MaJuWi Greifswald/Wieck"]
[Date "2021.07.10"]
[Round "4.5"]
[White "Karff, Tom"]
[Black "Willam, Max Bastian"]
[Result "0-1"]
[WhiteElo "1363"]
[BlackElo "1164"]
[PlyCount "110"]
[EventDate "2021.??.??"]
[WhiteTeam "SG Güstrow/Teterow"]
[BlackTeam "SSC Rostock 07"]

1. e4 e5 2. Nf3 Nc6 3. Bc4 Nf6 4. d3 h6 5. Be3 d5 6. exd5 Nxd5 7. O-O Be6 8.
Bb5 Bd6 9. Nbd2 a6 10. Bxc6+ bxc6 11. Nc4 Qf6 12. c3 O-O 13. Nfd2 Qg6 14. Qf3
Qxd3 15. Qe4 Qxe4 16. Nxe4 Nxe3 17. fxe3 Bxc4 18. Rfd1 Rad8 19. Rd2 f5 20. Nxd6
cxd6 21. Rad1 d5 22. b3 Bb5 23. a4 Bxa4 24. bxa4 Rd6 25. c4 Rfd8 26. cxd5 Rxd5
27. Rxd5 Rxd5 28. Rc1 c5 29. Kf2 Kf7 30. Rb1 Ke7 31. Rb7+ Rd7 32. Rb6 Rd6 33.
Rb7+ Kf6 34. Rc7 Kg5 35. Rxg7+ Kh4 36. Rf7 Rd2+ 37. Kf3 e4+ 38. Kf4 Rxg2 39.
Kxf5 Rf2+ 40. Ke6 Rxf7 41. Kxf7 c4 42. Ke6 c3 43. Ke5 c2 44. Kxe4 c1=Q 45. Kf4
Qf1+ 46. Ke4 Kg5 47. Ke5 Qf5+ 48. Kd4 Qe6 49. h4+ Kxh4 50. a5 Kg4 51. e4 Kf4
52. Kd3 Qxe4+ 53. Kd2 Qe3+ 54. Kd1 Qf2 55. Kc1 Ke3 0-1

[Event "LEM Nachwuchs M-V u14m 08.-11.07.2021"]
[Site "MaJuWi Greifswald/Wieck"]
[Date "2021.07.10"]
[Round "4.6"]
[White "Walz, Fabian"]
[Black "Große-Thie, Paul"]
[Result "1-0"]
[WhiteElo "1029"]
[BlackElo "1195"]
[PlyCount "95"]
[EventDate "2021.??.??"]
[WhiteTeam "Doberaner SV 90"]
[BlackTeam "SSC Rostock 07"]

1. e4 g6 2. d4 Bg7 3. Nf3 d6 4. Bc4 e6 5. O-O Ne7 6. c3 O-O 7. Be3 h6 8. Nbd2
f5 9. exf5 Nxf5 10. Qb3 d5 11. Bd3 Nc6 12. Bf4 Nh4 13. Bg3 g5 14. Rae1 Nxf3+
15. Nxf3 g4 16. Ne5 Nxe5 17. Bxe5 Bxe5 18. Rxe5 Qf6 19. Qd1 Qf4 20. g3 Qf6 21.
Qxg4+ Kh8 22. Qg6 Qxg6 23. Bxg6 Rf6 24. Bd3 Rf3 25. Be2 Rf5 26. f4 Rf6 27. Bd3
Bd7 28. a3 Raf8 29. Rfe1 c6 30. Bf1 Re8 31. Bh3 Kg7 32. f5 Kf7 33. fxe6+ Bxe6
34. Bxe6+ Rfxe6 35. Rxe6 Rxe6 36. Rxe6 Kxe6 37. Kf2 Kf5 38. Kf3 h5 39. b3 b6
40. a4 a6 41. b4 a5 42. bxa5 bxa5 43. h4 Ke6 44. g4 hxg4+ 45. Kxg4 Ke7 46. Kg5
Kf8 47. Kf6 Kg8 48. Ke6 1-0

[Event "LEM Nachwuchs M-V u14m 08.-11.07.2021"]
[Site "MaJuWi Greifswald/Wieck"]
[Date "2021.07.10"]
[Round "4.7"]
[White "Krause, Enrico"]
[Black "Bieschke, Tom"]
[Result "0-1"]
[WhiteElo "1178"]
[BlackElo "1268"]
[PlyCount "56"]
[EventDate "2021.??.??"]
[WhiteTeam "Think Rochade - SC HRO"]
[BlackTeam "SG Eintracht Neubrandenburg"]

1. e4 d6 2. d4 Nf6 3. Bd3 g6 4. c4 Bg7 5. Nc3 Nbd7 6. Nf3 c5 7. d5 a6 8. a4 Nb6
9. a5 Nbd7 10. Bd2 O-O 11. O-O Ng4 12. h3 Nge5 13. Qe2 Rb8 14. Rfb1 Qe8 15. Ra4
Nxf3+ 16. Qxf3 Ne5 17. Qe3 Nxd3 18. Ra3 Ne5 19. Qe2 e6 20. f4 Nd7 21. g4 Bd4+
22. Kh2 e5 23. f5 Qe7 24. Rf1 b6 25. Bh6 Re8 26. g5 Nf8 27. f6 Qd7 28. Qe1
Qxh3# 0-1

[Event "LEM Nachwuchs M-V u14m 08.-11.07.2021"]
[Site "MaJuWi Greifswald/Wieck"]
[Date "2021.07.10"]
[Round "4.8"]
[White "Hampe, Florian"]
[Black "Asmussen, Johann"]
[Result "0-1"]
[WhiteElo "1167"]
[BlackElo "1195"]
[PlyCount "86"]
[EventDate "2021.??.??"]
[WhiteTeam "Lok Gymnas Pritzwalk"]
[BlackTeam "SG Jasmund"]

1. d4 d5 2. c4 c6 3. Nc3 Nf6 4. Nf3 Bg4 5. Bf4 Nbd7 6. e3 e6 7. a3 c5 8. cxd5
exd5 9. dxc5 Bxc5 10. Be2 O-O 11. O-O Ne4 12. Qxd5 Nxc3 13. bxc3 b6 14. Qd1 Nf6
15. Qxd8 Raxd8 16. h3 Bh5 17. g4 Bg6 18. Nd4 Nd5 19. c4 Nxf4 20. exf4 Bxd4 21.
f5 Bxa1 22. Rxa1 Bxf5 23. gxf5 Rfe8 24. Bf3 Rd4 25. Bg4 Rd3 26. Kg2 Rc3 27. Rd1
Kf8 28. Rd7 Rxa3 29. f3 Rc3 30. f6 gxf6 31. Kg3 Rxc4 32. Kh4 Rc5 33. f4 b5 34.
Rb7 Re4 35. f5 Rxf5 36. Rc7 h5 37. Rc8+ Kg7 38. Rb8 hxg4 39. hxg4 Rg5 40. Rd8
Rexg4+ 41. Kh3 f5 42. Rg8+ Kxg8 43. Kh2 Rh5# 0-1

[Event "LEM Nachwuchs M-V u14m 08.-11.07.2021"]
[Site "MaJuWi Greifswald/Wieck"]
[Date "2021.07.10"]
[Round "4.9"]
[White "Herrmann, Niklas"]
[Black "Thormählen, Tjark"]
[Result "0-1"]
[WhiteElo "1034"]
[BlackElo "1033"]
[PlyCount "80"]
[EventDate "2021.??.??"]
[WhiteTeam "TuS Makkabi Rostock"]
[BlackTeam "SG Güstrow/Teterow"]

1. d4 d5 2. c4 e6 3. Nf3 c6 4. a3 Nf6 5. Bf4 dxc4 6. e3 b5 7. Nc3 Nbd7 8. b3
cxb3 9. Qxb3 a6 10. Bd3 Be7 11. O-O Bb7 12. Ne4 Nd5 13. Bg3 c5 14. Nd6+ Bxd6
15. Bxd6 c4 16. Bxc4 Qb6 17. Bxd5 Bxd5 18. Qb4 a5 19. Qb2 Qxd6 20. Nd2 Rb8 21.
Rac1 Nf6 22. h3 g5 23. Rc2 O-O 24. Re1 Ne4 25. Nxe4 Bxe4 26. Rc5 f6 27. f3 Ba8
28. e4 Qg3 29. Rec1 f5 30. exf5 exf5 31. Qb3+ Kh8 32. d5 g4 33. d6 gxh3 34.
Qb2+ Kg8 35. Qb3+ Kg7 36. Rc7+ Kg6 37. Qe6+ Rf6 38. Qe2 Rxd6 39. R1c2 Rbd8 40.
Rc1 Rd1+ 0-1

[Event "LEM Nachwuchs M-V u14m 08.-11.07.2021"]
[Site "MaJuWi Greifswald/Wieck"]
[Date "2021.07.10"]
[Round "5.1"]
[White "Lippitz, Jaden"]
[Black "Müller, Mitja"]
[Result "1-0"]
[WhiteElo "1563"]
[BlackElo "1341"]
[PlyCount "59"]
[EventDate "2021.??.??"]
[WhiteTeam "SG Güstrow/Teterow"]
[BlackTeam "TuS Makkabi Rostock"]

1. e4 c5 2. Nc3 Nc6 3. f4 e6 4. Nf3 d5 5. d3 Nge7 6. Bd2 g6 7. e5 d4 8. Ne4 Nf5
9. g4 Nh6 10. Nf6+ Ke7 11. Ng5 Ng8 12. Nxg8+ Rxg8 13. Nxh7 Bg7 14. Bg2 Qd7 15.
Ng5 b6 16. Ne4 Bb7 17. Nd6 Nd8 18. Nxb7 Nxb7 19. Qf3 Rab8 20. O-O-O f6 21.
exf6+ Bxf6 22. Rde1 Nd6 23. g5 Bg7 24. Bh3 Nf5 25. Bxf5 gxf5 26. h4 Kf7 27. h5
Rh8 28. h6 Bf8 29. Qh5+ Kg8 30. Qg6+ 1-0

[Event "LEM Nachwuchs M-V u14m 08.-11.07.2021"]
[Site "MaJuWi Greifswald/Wieck"]
[Date "2021.07.10"]
[Round "5.2"]
[White "Schott, Andy"]
[Black "Janssen, Joris Frederik"]
[Result "1-0"]
[WhiteElo "1537"]
[BlackElo "1440"]
[PlyCount "67"]
[EventDate "2021.??.??"]
[WhiteTeam "SG Güstrow/Teterow"]
[BlackTeam "TuS Makkabi Rostock"]

1. c4 c5 2. g3 e6 3. Bg2 Nf6 4. Nf3 Nc6 5. O-O Be7 6. Nc3 O-O 7. h3 a6 8. d4
cxd4 9. Nxd4 Qc7 10. e4 d6 11. Be3 Bd7 12. Rc1 Rac8 13. Na4 Nxd4 14. Bxd4 e5
15. Be3 Bxa4 16. Qxa4 Qc6 17. Qxc6 bxc6 18. Rfd1 Rfd8 19. Rd3 Ne8 20. c5 dxc5
21. Rxd8 Rxd8 22. Bxc5 Bxc5 23. Rxc5 f6 24. Rxc6 Rd6 25. Rxd6 Nxd6 26. b4 Kf7
27. f3 Ke7 28. Kf2 Kd7 29. Bf1 Nb5 30. a4 Nc7 31. f4 Kc6 32. fxe5 fxe5 33. Kf3
Kb6 34. Kg4 1-0

[Event "LEM Nachwuchs M-V u14m 08.-11.07.2021"]
[Site "MaJuWi Greifswald/Wieck"]
[Date "2021.07.10"]
[Round "5.3"]
[White "Maeno, Yosuke"]
[Black "Schulz, Bruno Andreas"]
[Result "1-0"]
[WhiteElo "1387"]
[BlackElo "1171"]
[PlyCount "101"]
[EventDate "2021.??.??"]
[WhiteTeam "SF Schwerin"]
[BlackTeam "TuS Makkabi Rostock"]

1. Nf3 Nf6 2. g3 e6 3. c4 d5 4. cxd5 exd5 5. Bg2 Be7 6. O-O O-O 7. d4 Bg4 8.
Nc3 Nbd7 9. Ne5 Be6 10. Bf4 c6 11. Qb3 Nb6 12. a4 a5 13. Rad1 Ra7 14. Nd3 Nc4
15. Qc2 Bf5 16. b3 Ra8 17. bxc4 dxc4 18. e4 cxd3 19. Qxd3 Bg6 20. Rb1 Bb4 21.
Na2 c5 22. Rfd1 Qxd4 23. Qxd4 cxd4 24. Nxb4 axb4 25. Rxb4 Bxe4 26. Rdxd4 Bc6
27. Bxc6 bxc6 28. Rbc4 Rfc8 29. Rd6 h6 30. Bd2 c5 31. a5 Kf8 32. Bc3 Ke7 33.
Rd1 g6 34. f3 Nd7 35. Re4+ Kd8 36. Bf6+ Kc7 37. Re7 Rd8 38. Rxf7 Re8 39. Rfxd7+
Kc6 40. R7d6+ Kc7 41. Bc3 Re3 42. R1d3 Re2 43. Rd2 Re3 44. R2d3 Re2 45. Rxg6 c4
46. Rdd6 Rc2 47. Rdf6 Rd8 48. Rf7+ Kc8 49. Rc6+ Kb8 50. Be5+ Ka8 51. Ra6# 1-0

[Event "LEM Nachwuchs M-V u14m 08.-11.07.2021"]
[Site "MaJuWi Greifswald/Wieck"]
[Date "2021.07.10"]
[Round "5.4"]
[White "Bieschke, Tom"]
[Black "Walz, Fabian"]
[Result "0-1"]
[WhiteElo "1268"]
[BlackElo "1029"]
[PlyCount "98"]
[EventDate "2021.??.??"]
[WhiteTeam "SG Eintracht Neubrandenburg"]
[BlackTeam "Doberaner SV 90"]

1. e4 c6 2. d4 d5 3. Nc3 dxe4 4. Nxe4 Bf5 5. Ng3 Bg6 6. Nf3 Nf6 7. Bd3 Bxd3 8.
Qxd3 e6 9. O-O Bd6 10. Bg5 Nbd7 11. Rfe1 Qc7 12. Nf5 Rg8 13. Nxd6+ Qxd6 14.
Rad1 O-O-O 15. Bxf6 Nxf6 16. Ne5 Rgf8 17. c3 h6 18. a4 Nd7 19. Nc4 Qc7 20. b4
Nb6 21. Nxb6+ Qxb6 22. Rb1 Rd5 23. Red1 Rfd8 24. Kf1 Qc7 25. Qg3 Qxg3 26. hxg3
e5 27. Re1 exd4 28. cxd4 Rxd4 29. Re7 Rd1+ 30. Rxd1 Rxd1+ 31. Ke2 Rd7 32. Re4
Kc7 33. Rg4 g6 34. Re4 Kd6 35. Ke3 Re7 36. Rxe7 Kxe7 37. f4 f5 38. Kd4 Kd6 39.
Kc4 b6 40. b5 c5 41. Kc3 Kc7 42. Kd2 h5 43. Kc3 Kb7 44. Kc4 a6 45. Kd5 axb5 46.
axb5 Kc7 47. Kc4 Kd6 48. Kc3 Kd5 49. Kd3 c4+ 0-1

[Event "LEM Nachwuchs M-V u14m 08.-11.07.2021"]
[Site "MaJuWi Greifswald/Wieck"]
[Date "2021.07.10"]
[Round "5.5"]
[White "Willam, Max Bastian"]
[Black "Wiechhusen, Laurin-Elias"]
[Result "1/2-1/2"]
[WhiteElo "1164"]
[BlackElo "1443"]
[PlyCount "69"]
[EventDate "2021.??.??"]
[WhiteTeam "SSC Rostock 07"]
[BlackTeam "SF Schwerin"]

1. e4 e5 2. Nf3 Nc6 3. Bc4 Bc5 4. O-O Nf6 5. d3 d6 6. h3 h6 7. Be3 Bb6 8. c3 d5
9. exd5 Nxd5 10. d4 exd4 11. cxd4 O-O 12. Nc3 Be6 13. Bb3 Ba5 14. Nxd5 Bxd5 15.
Ne5 Nxe5 16. dxe5 Bxb3 17. Qxb3 Bb6 18. e6 Bxe3 19. fxe3 fxe6 20. Qxe6+ Kh8 21.
Rad1 Rxf1+ 22. Rxf1 Qd2 23. Rf7 Qxb2 24. Rxc7 Rf8 25. Qe4 Qxa2 26. Rxb7 Qf2+
27. Kh2 Rf7 28. Qe8+ Rf8 29. Qe7 Rg8 30. Rxa7 Qb2 31. Qb7 Qe5+ 32. Kh1 Qxe3 33.
Ra8 Qc1+ 34. Kh2 Qf4+ 35. Kh1 1/2-1/2

[Event "LEM Nachwuchs M-V u14m 08.-11.07.2021"]
[Site "MaJuWi Greifswald/Wieck"]
[Date "2021.07.10"]
[Round "5.6"]
[White "Thormählen, Tjark"]
[Black "Asmussen, Johann"]
[Result "1-0"]
[WhiteElo "1033"]
[BlackElo "1195"]
[PlyCount "79"]
[EventDate "2021.??.??"]
[WhiteTeam "SG Güstrow/Teterow"]
[BlackTeam "SG Jasmund"]

1. e4 c5 2. Nf3 e6 3. d4 cxd4 4. Nxd4 Nf6 5. Nc3 Bb4 6. f3 O-O 7. Bd2 d5 8. Bd3
dxe4 9. Nxe4 Bxd2+ 10. Qxd2 Qxd4 11. c3 Nxe4 12. fxe4 Qf6 13. Rf1 Qe5 14. g3 f5
15. Qg5 Qd6 16. O-O-O fxe4 17. Rxf8+ Qxf8 18. Bxe4 Qf6 19. Rd8+ Kf7 20. Qxf6+
gxf6 21. Rxc8 a5 22. Bxb7 Ra7 23. Rxb8 e5 24. Be4 h6 25. Rb7+ Rxb7 26. Bxb7 Ke6
27. Kd2 f5 28. b4 axb4 29. cxb4 Kd6 30. Kd3 Kc7 31. Ba8 Kb6 32. a4 Kc7 33. Kc4
Kd6 34. a5 e4 35. Bxe4 fxe4 36. Kd4 e3 37. Kxe3 Kc6 38. Kf4 Kb5 39. Kf5 Kxb4
40. a6 1-0

[Event "LEM Nachwuchs M-V u14m 08.-11.07.2021"]
[Site "MaJuWi Greifswald/Wieck"]
[Date "2021.07.10"]
[Round "5.7"]
[White "Lange, Oskar"]
[Black "Karff, Tom"]
[Result "0-1"]
[WhiteElo "1214"]
[BlackElo "1363"]
[PlyCount "88"]
[EventDate "2021.??.??"]
[WhiteTeam "TSG Neustrelitz"]
[BlackTeam "SG Güstrow/Teterow"]

1. c4 e6 2. Nc3 Nf6 3. e4 c5 4. d3 Be7 5. g3 d6 6. Bg2 Nbd7 7. Nf3 b6 8. e5
dxe5 9. Nxe5 Nxe5 10. Bxa8 Nxd3+ 11. Ke2 Nxc1+ 12. Rxc1 Qxd1+ 13. Rhxd1 O-O 14.
Bf3 e5 15. Kf1 Ng4 16. Kg2 f5 17. h3 Nf6 18. Nd5 Nxd5 19. Bxd5+ Kh8 20. Re1 e4
21. f3 exf3+ 22. Bxf3 Bf6 23. Rc2 Bd7 24. Bd5 g6 25. Be6 Bc6+ 26. Bd5 Bd7 27.
a3 a5 28. Rd2 Rd8 29. Be6 Bc6+ 30. Kh2 Rxd2+ 31. Kg1 Bd4+ 32. Kf1 Rf2+ 33. Kg1
Rxb2+ 34. Kf1 Rf2+ 35. Kg1 Rf3+ 36. Kg2 Rxa3+ 37. Kf1 Rf3+ 38. Kg2 Re3+ 39. Kf1
Rxe1+ 40. Kxe1 Be5 41. Kf2 a4 42. Bd5 Bxd5 43. cxd5 a3 44. d6 Bxd6 0-1

[Event "LEM Nachwuchs M-V u14m 08.-11.07.2021"]
[Site "MaJuWi Greifswald/Wieck"]
[Date "2021.07.10"]
[Round "5.8"]
[White "Große-Thie, Paul"]
[Black "Rohde, Niklas"]
[Result "0-1"]
[WhiteElo "1195"]
[BlackElo "800"]
[PlyCount "110"]
[EventDate "2021.??.??"]
[WhiteTeam "SSC Rostock 07"]
[BlackTeam "Lok Gymnas Pritzwalk"]

1. d4 d5 2. Bf4 Nf6 3. e3 Bf5 4. h3 e6 5. Nf3 Bd6 6. Ne5 Nfd7 7. Be2 f6 8. Nxd7
Qxd7 9. Bxd6 Qxd6 10. c3 Nc6 11. Nd2 O-O-O 12. O-O e5 13. Bg4 g6 14. a4 Kb8 15.
Bxf5 gxf5 16. a5 a6 17. b4 exd4 18. exd4 Na7 19. Re1 Rc8 20. Nf3 Nb5 21. Qd3 f4
22. Nh4 b6 23. Nf5 Qc6 24. Ne7 Qxc3 25. Qxc3 Nxc3 26. Nxc8 Kxc8 27. axb6 cxb6
28. Rxa6 Kb7 29. Rea1 Rg8 30. Ra7+ Kc6 31. Rxh7 f3 32. g3 Kb5 33. Rf7 Rh8 34.
h4 Kxb4 35. Rxf6 Kc4 36. Rxb6 Kxd4 37. Rb4+ Kc5 38. Rb7 Re8 39. Rc7+ Kd4 40.
Rxc3 Kxc3 41. Ra3+ Kd2 42. Rxf3 Ke2 43. Ra3 Rf8 44. Ra2+ Ke1 45. h5 d4 46. g4
Rg8 47. f3 d3 48. Ra1+ Ke2 49. Ra2+ d2 50. h6 Ke1 51. h7 Rh8 52. Ra7 d1=Q 53.
Re7+ Kd2+ 54. Kg2 Qc2 55. Rd7+ Ke3+ 0-1

[Event "LEM Nachwuchs M-V u14m 08.-11.07.2021"]
[Site "MaJuWi Greifswald/Wieck"]
[Date "2021.07.10"]
[Round "5.9"]
[White "Hampe, Florian"]
[Black "Krause, Enrico"]
[Result "1-0"]
[WhiteElo "1167"]
[BlackElo "1178"]
[PlyCount "91"]
[EventDate "2021.??.??"]
[WhiteTeam "Lok Gymnas Pritzwalk"]
[BlackTeam "Think Rochade - SC HRO"]

1. d4 d5 2. c4 e6 3. Nc3 Nf6 4. Nf3 Be7 5. Bf4 b6 6. e3 Bb7 7. Bd3 O-O 8. a3
Nbd7 9. cxd5 exd5 10. O-O Rb8 11. Nb5 Ne8 12. Rc1 Ndf6 13. Nxc7 Nd6 14. Bxd6
Bxd6 15. Nb5 a6 16. Nxd6 Qxd6 17. Ne5 Ne4 18. Bxe4 dxe4 19. h3 b5 20. Rc5 Rbc8
21. b4 g6 22. Qb1 Kg7 23. Rfc1 Rxc5 24. bxc5 Qd5 25. c6 f6 26. Nd7 Re8 27. Nb6
Qe6 28. d5 Qd6 29. cxb7 Rb8 30. Rc6 Qd8 31. Rc8 Qd6 32. Rxb8 Qxb8 33. Qxe4 Qxb7
34. Qe6 Qc7 35. Qc6 Qe5 36. d6 Qa1+ 37. Kh2 Qe5+ 38. g3 Qe6 39. Qc7+ Kh6 40. d7
Qa2 41. Kg2 Qb1 42. Qc6 Qd3 43. Qd5 Qxa3 44. d8=Q b4 45. Qd4 Kh5 46. Qh4# 1-0

[Event "LEM Nachwuchs M-V u14m 08.-11.07.2021"]
[Site "MaJuWi Greifswald/Wieck"]
[Date "2021.07.11"]
[Round "6.1"]
[White "Schott, Andy"]
[Black "Lippitz, Jaden"]
[Result "0-1"]
[WhiteElo "1537"]
[BlackElo "1563"]
[PlyCount "59"]
[EventDate "2021.??.??"]
[WhiteTeam "SG Güstrow/Teterow"]
[BlackTeam "SG Güstrow/Teterow"]

1. c4 Nf6 2. g3 g6 3. Bg2 Bg7 4. Nc3 c5 5. Nf3 Nc6 6. O-O O-O 7. d4 cxd4 8.
Nxd4 Nxd4 9. Qxd4 d6 10. Qd3 Nd7 11. e4 Ne5 12. Qe2 Bg4 13. f3 Be6 14. Nd5 Bxd5
15. cxd5 Rc8 16. Be3 Nc4 17. Bxa7 b6 18. Rac1 Bd4+ 19. Kh1 Ne5 20. Rxc8 Qxc8
21. Qd2 Qc4 22. Rd1 Bc5 23. b3 Qb5 24. Bf1 Qd7 25. Bxb6 Bxb6 26. Kg2 f5 27.
exf5 Qxf5 28. f4 Qe4+ 29. Kh3 Rf5 30. g4 0-1

[Event "LEM Nachwuchs M-V u14m 08.-11.07.2021"]
[Site "MaJuWi Greifswald/Wieck"]
[Date "2021.07.11"]
[Round "6.2"]
[White "Müller, Mitja"]
[Black "Walz, Fabian"]
[Result "1/2-1/2"]
[WhiteElo "1341"]
[BlackElo "1029"]
[PlyCount "64"]
[EventDate "2021.??.??"]
[WhiteTeam "TuS Makkabi Rostock"]
[BlackTeam "Doberaner SV 90"]

1. d4 Nf6 2. c4 g6 3. Nf3 Bg7 4. Nc3 d6 5. e4 O-O 6. Bd3 e5 7. d5 a5 8. Be3 Na6
9. a3 Bg4 10. O-O Nd7 11. Na4 b6 12. h3 Bxf3 13. Qxf3 Qf6 14. Qxf6 Nxf6 15.
Rac1 Nd7 16. Rfd1 Nac5 17. Nxc5 Nxc5 18. Bxc5 bxc5 19. Rb1 Rfb8 20. Bc2 a4 21.
Bd3 Bh6 22. Be2 Kf8 23. Bg4 Ke7 24. Kf1 Rb3 25. Re1 Rab8 26. Re2 Rxa3 27. bxa3
Rxb1+ 28. Re1 Rxe1+ 29. Kxe1 Bc1 30. Bd1 Bxa3 31. Bxa4 Bb4+ 32. Ke2 h6 1/2-1/2

[Event "LEM Nachwuchs M-V u14m 08.-11.07.2021"]
[Site "MaJuWi Greifswald/Wieck"]
[Date "2021.07.11"]
[Round "6.3"]
[White "Willam, Max Bastian"]
[Black "Maeno, Yosuke"]
[Result "1-0"]
[WhiteElo "1164"]
[BlackElo "1387"]
[PlyCount "53"]
[EventDate "2021.??.??"]
[WhiteTeam "SSC Rostock 07"]
[BlackTeam "SF Schwerin"]

1. e4 e5 2. Nf3 Nc6 3. Bc4 Bc5 4. O-O Nf6 5. Nc3 O-O 6. d3 h6 7. Be3 Bb6 8. d4
exd4 9. Nxd4 Nxd4 10. Bxd4 Bxd4 11. Qxd4 d6 12. Rfe1 Be6 13. Rad1 Bxc4 14. Qxc4
Re8 15. e5 Qe7 16. f4 dxe5 17. fxe5 Nd7 18. Nd5 Qe6 19. Nf6+ Nxf6 20. Qxe6 Rxe6
21. exf6 Rxf6 22. Re7 Rc6 23. Rdd7 Rxc2 24. Rxf7 Rf8 25. Rxg7+ Kh8 26. Rh7+ Kg8
27. Rdg7# 1-0

[Event "LEM Nachwuchs M-V u14m 08.-11.07.2021"]
[Site "MaJuWi Greifswald/Wieck"]
[Date "2021.07.11"]
[Round "6.4"]
[White "Schulz, Bruno Andreas"]
[Black "Thormählen, Tjark"]
[Result "1-0"]
[WhiteElo "1171"]
[BlackElo "1033"]
[PlyCount "57"]
[EventDate "2021.??.??"]
[WhiteTeam "TuS Makkabi Rostock"]
[BlackTeam "SG Güstrow/Teterow"]

1. d4 d5 2. c4 e6 3. Nc3 c6 4. Bf4 dxc4 5. e3 b5 6. a4 Bb4 7. axb5 cxb5 8. Qg4
g6 9. Be5 f6 10. Bg3 Qb6 11. Be2 Nd7 12. Bf3 Rb8 13. Bxb8 Nxb8 14. Nge2 Ne7 15.
Qe4 Nbc6 16. O-O g5 17. Bh5+ Kd8 18. Rfd1 Bd7 19. d5 Ne5 20. dxe6 Qxe6 21. Rxa7
Bd6 22. Ra8+ Nc8 23. Nd4 Qe7 24. Nd5 Qg7 25. Nf5 Bxf5 26. Qxf5 Qb7 27. Qxf6+
Kd7 28. Qg7+ Ke6 29. Qxb7 1-0

[Event "LEM Nachwuchs M-V u14m 08.-11.07.2021"]
[Site "MaJuWi Greifswald/Wieck"]
[Date "2021.07.11"]
[Round "6.5"]
[White "Janssen, Joris Frederik"]
[Black "Wiechhusen, Laurin-Elias"]
[Result "1/2-1/2"]
[WhiteElo "1440"]
[BlackElo "1443"]
[PlyCount "66"]
[EventDate "2021.??.??"]
[WhiteTeam "TuS Makkabi Rostock"]
[BlackTeam "SF Schwerin"]

1. d4 d5 2. Bf4 Nf6 3. Nf3 Bf5 4. e3 e6 5. Nbd2 Nbd7 6. h3 c5 7. c4 Rc8 8. Rc1
Be7 9. Be2 O-O 10. O-O h6 11. Qb3 Qb6 12. cxd5 Qxb3 13. Nxb3 Nxd5 14. Bh2 b6
15. Ba6 Rcd8 16. a3 cxd4 17. Nbxd4 Nc5 18. Nxf5 Nxa6 19. Nxe7+ Nxe7 20. Rfd1
Rfe8 21. Kf1 Nc5 22. Rxd8 Rxd8 23. Ke2 f6 24. Rd1 Rxd1 25. Kxd1 e5 26. Nd2 Nd3
27. f4 exf4 28. Bxf4 Nxb2+ 29. Kc2 Na4 30. Kb3 Nc5+ 31. Kc4 Kf7 32. e4 Ke6 33.
g4 Kd7 1/2-1/2